| 000 | 00466cam a22001457a 4500 | ||
|---|---|---|---|
| 008 | 180718b1969 xxu||||| |||| 00| 0 eng d | ||
| 082 | _aDx42 M143 | ||
| 100 | _aMcDermott, Geoffrey | ||
| 245 |
_aEden legacy and the decline of British diplomacy _cby Geoffrey McDermott |
||
| 260 |
_aLondon _bLeslie Frewin _c1969 |
||
| 300 | _a240p. | ||
| 500 | _a35/- | ||
| 650 | _aGreat Britain --Foreign relations --20th century | ||
| 650 | _aGreat Britain --History --20th century | ||
| 999 |
_c372757 _d372757 |
||